Welcome to the Holygrace Academy Library

Please use search bar below to get started

ENIKKUM JEEVIKKANAM (Record no. 7903)

MARC details
000 -LEADER
fixed length control field 00549nam a22001577a 4500
020 ## - INTERNATIONAL STANDARD BOOK NUMBER
ISBN 978-93-82776-36-9
082 ## - DEWEY DECIMAL CLASSIFICATION NUMBER
Classification number 894.812.3
Item number KES/E
100 ## - MAIN ENTRY--AUTHOR NAME
Personal name KESAVADEV, P
245 ## - TITLE STATEMENT
Title ENIKKUM JEEVIKKANAM
250 ## - EDITION STATEMENT
Edition statement FOURTH EDITION
260 ## - PUBLICATION, DISTRIBUTION, ETC. (IMPRINT)
Place of publication THRISSUR
Name of publisher H & C
Year of publication 2022
300 ## - PHYSICAL DESCRIPTION
Number of Pages 107
520 ## - SUMMARY, ETC.
Summary, etc Enikkum Jeevikkanam, novel written by P Keshavadev, tells the story of a prostitute named Rajamma. This is the first novel in Malayalam which is set against the backdrop of the life of a sex worker.
650 ## - SUBJECT ADDED ENTRY--TOPICAL TERM
Topical Term MALAYALAM NOVEL
Geographic subdivision KERALA
942 ## - ADDED ENTRY ELEMENTS (KOHA)
Koha item type Books
Holdings
Withdrawn status Lost status Collection code Home library Current library Shelving location Date acquired Source of acquisition Cost, normal purchase price Full call number Accession Number Koha item type
    Fiction Main Library Main Library NEW SHELF WITH NEW ENTRY 12/12/2023 purchase 120.00 894.812.3 KES/E 13493 Books